Statistics for Top 50 Most Streamed Metallica Songs

Click here to take the quiz!

General Stats

  • This quiz has been taken 70 times
  • The average score is 24 of 50

Answer Stats

Year≈StreamsSong% Correct
1991811.47MEnter Sandman
96%
1991731.09MNothing Else Matters
92%
1986393.56MMaster of Puppets
90%
1988340.67MOne
90%
1984193.43MFade to Black
81%
1991338.07MThe Unforgiven
79%
1991202.77MSad But True
77%
198697.64MBattery
75%
1984247.97MFor Whom the Bell Tolls
75%
1991124.69MWherever I May Roam
71%
198466.22MCreeping Death
69%
1997122.92MFuel
69%
198653.60MOrion
69%
1983127.31MSeek & Destroy
69%
198461.27MRide the Lightning
65%
2016112.43MHardwired
60%
199786.21MThe Unforgiven II
58%
198865.02MBlackened
54%
200358.73MSt. Anger
50%
198627.79MDamage, Inc.
48%
200886.64MThe Day That Never Comes
48%
198360.49MThe Four Horsemen
48%
199750.31MThe Memory Remains
48%
198449.30MFight Fire With Fire
46%
198854.17M...And Justice for All
44%
198433.67MThe Call of Ktulu
44%
198340.17MWhiplash
44%
198851.52MHarvester of Sorrow
42%
199645.55MKing Nothing
42%
198676.78MWelcome Home (Sanitarium)
42%
200849.41MThe Unforgiven III
40%
198636.85MDisposable Heroes
38%
201663.50MAtlas, Rise!
35%
199142.30MHolier Than Thou
35%
201682.81MMoth Into Flame
35%
199143.04MOf Wolf and Man
33%
198634.95MThe Thing That Should Not Be
33%
199646.11MUntil it Sleeps
31%
199152.35MDon't Tread on Me
29%
199131.41MThe God that Failed
29%
199139.80MThrough the Never
29%
199627.73MHero of the Day
27%
198332.91MHit the Lights
27%
201644.00MSpit Out the Bone
27%
199132.74MMy Friend of Misery
23%
200849.74MAll Nightmare Long
19%
199628.92MMama Said
17%
198835.35MThe Shortest Straw
17%
201654.67MNow That We're Dead
13%
198833.43MEye of the Beholder
8%

Score Distribution

Percentile by Number Answered

Percent of People with Each Score

Your Score History

You have not taken this quiz